000 00629nam a2200241Ia 4500
003 OSt
005 20220918223642.0
006 a|||||r|||| 00| 0
007 ta
008 220917b |||||||| |||| 00| 0 eng d
024 _a224,288
037 _cTextual
040 _aARTS
_cARTS
_beng
041 _2eng
_aeng
082 _aV2,8, P4
100 _aSharma Arvind K.
_9130953
245 0 _aBureaucracy and decentralisation
260 _aNew Delhi
_bMittal Publications
_c2004
300 _axix,134p.
_ccm.
650 _aHISTORY
942 _hV2,8, P4
_cTEXL
_2CC
999 _c279034
_d279034